000 00890nam a22002297a 4500
003 OSt
005 20210302092251.0
008 210216s2015 ck ao||gr|||| 00| 0bspa d
040 _aCO-JMCR
_cCO-JMCR
041 0 _aspa
082 0 4 _a781.7861 /
_bS161h
_223
100 1 _aSalcedo Ramos, Alberto,
_eautor
_91113
245 1 0 _aHomenaje a José Barrios /
_ctexto de Alberto Salcedo Ramos ; fotos de Juan Ruy Castaño
250 _aPrimera edición
260 _aBogotá :
_bSemana,
_c2015
300 _a63 páginas
_bfotografias a color ;
_c20 cm +
_e1 CD.
500 _aincluye CD.
505 _aCarlos Vives -- Andrés Cepeda -- Chabuco -- Fonseca -- Adriana Lucía -- Toño Arnedo -- Monsieur Periné -- Cholo Valderrama -- Herencia de Timbiquí
650 2 4 _aMúsicos colombianos
_xBiografías.
_910853
650 2 4 _aBarros, José,
_y1915-2007
_xBiografías
_913539
942 _2ddc
_cBK
999 _c7205
_d7205